[Event "Foxwoods op 13th"]
[Site "Ledyard"]
[Date "2019.04.21"]
[Round "8"]
[White "Juac, Majur"]
[Black "Kumar, Nikhil"]
[Result "0-1"]
[WhiteElo "2088"]
[BlackElo "2273"]
[PlyCount "85"]
[EventDate "2019.04.17"]
[EventType "swiss"]
[EventRounds "9"]
[EventCountry "USA"]
[SourceTitle "CBM 189 Extra"]
[Source "ChessBase"]
[SourceDate "2019.06.03"]
[SourceVersion "1"]
[SourceVersionDate "2019.06.03"]
[SourceQuality "1"]

1. e4 e5 2. Nf3 Nc6 3. Bb5 a6 4. Ba4 Nf6 5. 0-0 Be7 6. Re1 b5 7. Bb3 0-0 8. h3 d5 9. exd5 Nxd5 10. d3 Be6 11. a4 Nd4 12. Ba2 Nxf3+ 13. Qxf3 Nb4 14. Bxe6 Nxc2 15. Ba2 Nxe1 16. Qe2 Nxd3 17. Nc3 Nxc1 18. Rxc1 c6 19. Rd1 Qc7 20. Rd3 Rad8 21. Re3 Bg5 22. Rxe5 Bf6 23. Re3 Bxc3 24. bxc3 Qd6 25. Bb3 Qd2 26. Qg4 Qc1+ 27. Kh2 Qb2 28. Qb4 Qxf2 29. Rf3 Qd2 30. Qh4 Qd6+ 31. Kh1 Rde8 32. Qf2 Qe7 33. Qa2 g6 34. Kh2 Kg7 35. Rf2 f5 36. c4 Qd6+ 37. g3 Re3 38. Rg2 f4 39. h4 fxg3+ 40. Kh1 Rf1+ 41. Rg1 g2+ 42. Qxg2 Rxg1+ 43. Qxg1 0-1

[Event "New York Int op 11th"]
[Site "New York"]
[Date "2018.06.14"]
[Round "3"]
[White "Allicock, Rawle Anthony"]
[Black "Juac, Majur"]
[Result "1-0"]
[WhiteElo "2198"]
[BlackElo "1976"]
[PlyCount "75"]
[EventDate "2018.06.13"]
[EventType "swiss"]
[EventRounds "9"]
[EventCountry "USA"]
[SourceTitle "CBM 185 Extra"]
[Source "ChessBase"]
[SourceDate "2018.07.29"]
[SourceVersion "1"]
[SourceVersionDate "2018.07.29"]
[SourceQuality "1"]

1. e4 c5 2. Nc3 a6 3. g3 d6 4. Bg2 Nc6 5. d3 e6 6. f4 Nge7 7. Nf3 g6 8. Be3 Bg7 9. Qd2 b6 10. 0-0 Bb7 11. d4 cxd4 12. Nxd4 Na5 13. b3 Rc8 14. f5 gxf5 15. exf5 exf5 16. Rae1 Be5 17. Bg5 f6 18. Bh6 Qc7 19. Nce2 Bxg2 20. Kxg2 b5 21. Nxf5 Nxf5 22. Rxf5 Nb7 23. Nd4 Qf7 24. Nf3 Qe6 25. g4 Rg8 26. Nxe5 fxe5 27. Kh3 Nd8 28. Ref1 Nf7 29. Be3 h5 30. g5 d5 31. Kg2 d4 32. Rxf7 Qg4+ 33. Kh1 Qe4+ 34. R1f3 Rxc2 35. Qb4 Rc7 36. Qd6 Rxf7 37. Qe6+ Re7 38. Qc8# 1-0

[Event "New York Int op 10th"]
[Site "New York"]
[Date "2017.06.24"]
[Round "6"]
[White "Juac, Majur"]
[Black "Lu, Maximillian"]
[Result "1-0"]
[WhiteElo "2082"]
[BlackElo "2145"]
[PlyCount "99"]
[EventDate "2017.06.21"]
[EventType "swiss"]
[EventRounds "9"]
[EventCountry "USA"]
[SourceTitle "CBM 179 Extra"]
[Source "ChessBase"]
[SourceDate "2017.08.23"]
[SourceVersion "1"]
[SourceVersionDate "2017.08.23"]
[SourceQuality "1"]

1. e4 c5 2. Nf3 a6 3. g3 b5 4. Bg2 Bb7 5. d3 e6 6. 0-0 d5 7. Qe2 Nf6 8. Re1 dxe4 9. Ng5 exd3 10. cxd3 Bd5 11. Nc3 Ra7 12. Nxd5 Nxd5 13. Qh5 g6 14. Nxe6 gxh5 15. Nxd8+ Kxd8 16. Bxd5 Rd7 17. Be4 h4 18. Bd2 hxg3 19. Ba5+ Kc8 20. hxg3 Rd6 21. Bf5+ Kb7 22. Re8 Nc6 23. Bc3 f6 24. Rae1 b4 25. Bd2 h5 26. Bf4 Ne5 27. R1xe5 fxe5 28. Bxe5 Rdh6 29. Be4+ Kb6 30. Rb8+ Ka5 31. d4 Bd6 32. Rxh8 Rxh8 33. Bxh8 c4 34. Kf1 Ka4 35. Bc2+ b3 36. axb3+ cxb3 37. Bd1 a5 38. Bxh5 Kb4 39. d5 a4 40. Ke2 Kc4 41. Be8 a3 42. bxa3 Bxa3 43. Bg6 Kxd5 44. Bf7+ Ke4 45. Bxb3 Kf5 46. Bc3 Bd6 47. Ba4 Kg4 48. Bd7+ Kg5 49. Bd2+ Kg6 50. f4 1-0

[Event "New York Int op 10th"]
[Site "New York"]
[Date "2017.06.23"]
[Round "4"]
[White "Ippolito, Dean"]
[Black "Juac, Majur"]
[Result "0-1"]
[WhiteElo "2365"]
[BlackElo "2082"]
[PlyCount "40"]
[EventDate "2017.06.21"]
[EventType "swiss"]
[EventRounds "9"]
[EventCountry "USA"]
[SourceTitle "CBM 179 Extra"]
[Source "ChessBase"]
[SourceDate "2017.08.23"]
[SourceVersion "1"]
[SourceVersionDate "2017.08.23"]
[SourceQuality "1"]

1. d4 Nf6 2. c4 c5 3. Nf3 cxd4 4. Nxd4 e5 5. Nb5 d5 6. cxd5 Bc5 7. N5c3 0-0 8. g3 Qb6 9. e3 Bg4 10. Be2 Bh3 11. g4 Na6 12. Rg1 h5 13. g5 Ne8 14. Bxh5 Bf5 15. a3 Nd6 16. Qe2 Bd4 17. Bg4 Bg6 18. h4 Nc5 19. h5 Nd3+ 20. Kd1 Qb3+ 0-1

[Event "Philadelphia op 11th"]
[Site "Philadelphia"]
[Date "2017.04.16"]
[Round "9"]
[White "Kumar, Aravind"]
[Black "Juac, Majur"]
[Result "1-0"]
[WhiteElo "2188"]
[BlackElo "2074"]
[PlyCount "66"]
[EventDate "2017.04.12"]
[EventType "swiss"]
[EventRounds "9"]
[EventCountry "USA"]
[SourceTitle "EXT 2019"]
[Source "ChessBase"]
[SourceDate "2018.10.10"]
[SourceVersion "1"]
[SourceVersionDate "2018.10.10"]
[SourceQuality "1"]

1. d4 Nf6 2. c4 e6 3. Nc3 c5 4. d5 exd5 5. cxd5 d6 6. e4 g6 7. Nge2 Bg7 8. Ng3 0-0 9. Be2 Na6 10. 0-0 Nc7 11. Bg5 h6 12. Be3 b5 13. e5 dxe5 14. Bxc5 Re8 15. d6 Ne6 16. b4 a6 17. Bf3 Bd7 18. Bxa8 Qxa8 19. a4 Bc6 20. f3 bxa4 21. Nxa4 e4 22. Nb6 Qb7 23. fxe4 Nxe4 24. Nxe4 Bxe4 25. Ra2 a5 26. Qa4 Bc6 27. Qxa5 Nxc5 28. bxc5 Bd4+ 29. Kh1 Re5 30. d7 Qb8 31. Qd2 Re4 32. Ra3 Rh4 33. Rg3 Kg7 1-0

[Event "Philadelphia op 11th"]
[Site "Philadelphia"]
[Date "2017.04.14"]
[Round "4"]
[White "Juac, Majur"]
[Black "Paul, Justin"]
[Result "0-1"]
[WhiteElo "2074"]
[BlackElo "2179"]
[PlyCount "90"]
[EventDate "2017.04.12"]
[EventType "swiss"]
[EventRounds "9"]
[EventCountry "USA"]
[SourceTitle "EXT 2018"]
[Source "ChessBase"]
[SourceDate "2017.10.13"]
[SourceVersion "1"]
[SourceVersionDate "2017.10.13"]
[SourceQuality "1"]

1. d4 Nf6 2. c4 g6 3. Nc3 Bg7 4. e4 d6 5. Be2 0-0 6. g4 c5 7. g5 Ne8 8. Be3 Nc6 9. d5 Nd4 10. Qd2 Qa5 11. Bxd4 cxd4 12. Nd1 Qxd2+ 13. Kxd2 f5 14. f3 fxe4 15. fxe4 Rf4 16. Kd3 Be5 17. Bf3 a5 18. Nf2 b6 19. Rf1 Nc7 20. Kc2 Ba6 21. b3 Raf8 22. Nd3 Rxe4 23. Bxe4 Rxf1 24. Ne2 Rxh1 25. Bxh1 Bxh2 26. Nxd4 Bg1 27. Nf3 Be3 28. a4 e6 29. Nde5 exd5 30. Ng4 Bf4 31. Nf6+ Kg7 32. cxd5 Bc8 33. Kc3 Bxg5 34. Nxg5 Kxf6 35. Nxh7+ Ke5 36. Ng5 Nxd5+ 37. Bxd5 Kxd5 38. Nf3 Bg4 39. Ng5 Bf5 40. Nf3 Be4 41. Nd2 g5 42. Nc4 Kc5 43. Ne3 d5 44. Ng4 d4+ 45. Kd2 Kb4 0-1

[Event "Edward Lasker Memorial 100th"]
[Site "New York"]
[Date "2016.12.09"]
[Round "1"]
[White "Juac, Majur"]
[Black "Jacobson, Brandon"]
[Result "1-0"]
[WhiteElo "2000"]
[BlackElo "2273"]
[PlyCount "69"]
[EventDate "2016.12.09"]
[EventType "swiss"]
[EventRounds "9"]
[EventCountry "USA"]
[SourceTitle "EXT 2018"]
[Source "ChessBase"]
[SourceDate "2017.10.13"]
[SourceVersion "1"]
[SourceVersionDate "2017.10.13"]
[SourceQuality "1"]

1. d4 Nf6 2. c4 g6 3. Nc3 Bg7 4. e4 d6 5. Be2 0-0 6. g4 a6 7. g5 Nfd7 8. Be3 c5 9. Nf3 b6 10. h4 cxd4 11. Bxd4 Nc6 12. Bxg7 Kxg7 13. h5 Bb7 14. Qd2 Nc5 15. Rh4 b5 16. 0-0-0 Rg8 17. Qf4 e5 18. Qd2 b4 19. Nd5 Ne6 20. hxg6 hxg6 21. Rdh1 Ncd4 22. Nf6 Qa5 23. Rh7+ Kf8 24. Kb1 Ke7 25. Nxd4 Nxd4 26. Bg4 Qc5 27. Qd3 a5 28. Qh3 a4 29. Bd1 Bc6 30. Qd3 Rgd8 31. Rxf7+ Kxf7 32. Rh7+ Kf8 33. Qh3 Bxe4+ 34. Ka1 Bf5 35. Qh6# 1-0

[Event "Foxwoods op"]
[Site "Mashantucket"]
[Date "2014.01.25"]
[Round "7"]
[White "Mehdi, Hasan Parag"]
[Black "Juac, Majur"]
[Result "1-0"]
[WhiteElo "2285"]
[BlackElo "2100"]
[PlyCount "83"]
[EventDate "2014.01.03"]
[EventType "swiss"]
[EventRounds "9"]
[EventCountry "USA"]
[SourceTitle "CBM 158 Extra"]
[Source "ChessBase"]
[SourceDate "2014.02.28"]
[SourceVersion "1"]
[SourceVersionDate "2014.02.28"]
[SourceQuality "1"]

1. d4 d6 2. e4 Nf6 3. Nc3 g6 4. Be3 Bg7 5. Qd2 Ng4 6. Bg5 h6 7. Bh4 Nd7 8. h3 Ngf6 9. f4 c5 10. d5 a6 11. Nf3 b5 12. e5 b4 13. Nd1 dxe5 14. fxe5 Nh7 15. Bg3 Nb6 16. Ne3 Bb7 17. Rd1 0-0 18. Bc4 h5 19. b3 Bh6 20. Qd3 Qe8 21. 0-0 Rd8 22. Kh2 Nxc4 23. bxc4 f5 24. exf6 exf6 25. Rde1 f5 26. Nxf5 gxf5 27. Rxe8 Rdxe8 28. Ne5 Bc8 29. d6 Be6 30. Ng6 Nf6 31. Nxf8 Rxf8 32. Bh4 Bg7 33. Rxf5 Bxf5 34. Qxf5 Ng4+ 35. hxg4 Rxf5 36. gxf5 Be5+ 37. Bg3 Bf6 38. d7 Bd8 39. Kh3 Kf7 40. Bh4 Bxh4 41. Kxh4 Ke7 42. Kxh5 1-0